| 000 | 01049cam a22001934a 4500 | ||
|---|---|---|---|
| 005 | 20250605164217.0 | ||
| 008 | 250528s ||||||||||||||||||||||||d | ||
| 035 | _a20520 | ||
| 020 | _a140170693 | ||
| 040 |
_aGR-AtMCL _bgre _dGR-AtMCL _eAACR2 |
||
| 245 | 1 | _aThe Uses of Literacy / Aspects of Working-Class Life with Special Reference to Publications and Entertainments | |
| 260 |
_bPenguin Books, _c1992 |
||
| 300 | _a416 | ||
| 520 | _aThe working class of northern England and its assumptions, attitudes and morals. Preface, An ''Older'' Order, Who are ''the Working-Classes''?, Landscape with Figures - a Setting, ''Them'' and ''Us'', The ''Real'' World of People, The Full Rich Life, Unbending the Springs of Action, Invitations to a Candy-Floss World: The Newer Mass Art, The Newer Mass Art: Sex in Shiny Packets, Unbent Springs: A Note on a Skepticism without Tension, Unbent Springs: A Note on the Uprooted and the Anxious, Conclusion, Index. | ||
| 700 | 1 |
_aHoggart Richard _96508 |
|
| 942 | _cBK | ||
| 999 |
_c5620 _d5620 |
||